| 000 | 00388nam a2200145Ia 4500 | ||
|---|---|---|---|
| 008 | 220120s9999||||xx |||||||||||||| ||und|| | ||
| 020 | _a9780070634145 | ||
| 082 | _a621.406 GOV | ||
| 100 | _aGovindegowda, M.S and Nagaraja, A.M | ||
| 245 | 0 | _aText book of turbo machines | |
| 250 | _a5th | ||
| 260 |
_aMM _bNew Delhi _c2011 |
||
| 300 |
_aXXXIV, 1134p. _b575 |
||
| 650 | _aCOMPUTER SCIENCE | ||
| 999 |
_c132783 _d132783 |
||